[Event "Elit(Skara-Sollentuna)"]
[Site "?"]
[Date "2006.??.??"]
[Round "9"]
[White "Ivanov, Sergej"]
[Black "Winsnes, Rikard"]
[Result "1-0"]
[WhiteElo "2630"]
[BlackElo "2510"]
[PlyCount "49"]
[EventDate "2006.??.??"]

1. d4 Nf6 2. c4 g6 3. Nc3 Bg7 4. e4 O-O 5. Nf3 c6 6. h3 d5 7. e5 Ne4 8. Bd3
Nxc3 9. bxc3 dxc4 10. Bxc4 c5 11. O-O cxd4 12. cxd4 Nc6 13. a4 Bf5 14. Re1 Rc8
15. Ba3 Na5 16. Bd3 Be6 17. Ng5 Qxd4 18. Bxg6 Qxd1 19. Bxh7+ Kh8 20. Raxd1 Bb3
21. Bf5 Bxd1 22. Bxc8 Bxa4 23. Re4 Re8 24. e6 fxe6 25. Rh4+ 1-0

[Event "Elit(Skara-Sollentuna)"]
[Site "?"]
[Date "2006.??.??"]
[Round "9"]
[White "Ziegler, Ari"]
[Black "Ernst, Thomas"]
[Result "1/2-1/2"]
[WhiteElo "2377"]
[BlackElo "2590"]
[PlyCount "81"]
[EventDate "2006.??.??"]

1. d4 Nf6 2. Nf3 g6 3. e3 Bg7 4. Be2 d5 5. O-O O-O 6. c4 c6 7. Nc3 Bg4 8. cxd5
Nxd5 9. e4 Nb6 10. Be3 N8d7 11. Qd2 Bxf3 12. gxf3 e6 13. Rad1 Qe7 14. Rfe1 Rad8
15. Bf1 Ne5 16. Bg2 Nec4 17. Qc2 Nxe3 18. fxe3 c5 19. e5 cxd4 20. exd4 Rd7 21.
a3 Rfd8 22. Qf2 Nd5 23. Nxd5 Rxd5 24. f4 R5d7 25. Rd2 a6 26. Red1 f6 27. Bh3
fxe5 28. dxe5 Rxd2 29. Rxd2 Rxd2 30. Qxd2 Bh6 31. Kg2 Kg7 32. Kg3 g5 33. fxg5
Qxg5+ 34. Qxg5+ Bxg5 35. Bxe6 Bc1 36. b3 Bxa3 37. Bc8 a5 38. Bxb7 Kf7 39. Bd5+
Ke7 40. Kg4 Bc1 41. Kf5 1/2-1/2

[Event "Elit(Skara-Sollentuna)"]
[Site "?"]
[Date "2006.??.??"]
[Round "9"]
[White "Carlsson, Pontus"]
[Black "Mohammadi, Amir"]
[Result "1-0"]
[WhiteElo "2586"]
[BlackElo "2287"]
[PlyCount "81"]
[EventDate "2006.??.??"]

1. e4 c5 2. Nf3 e6 3. c3 Nf6 4. e5 Nd5 5. d4 cxd4 6. cxd4 d6 7. Bc4 Nc6 8. O-O
dxe5 9. dxe5 Be7 10. Qe2 Qc7 11. Rd1 Nb6 12. Bb3 Nd7 13. Bf4 Nc5 14. Bc2 a6 15.
Nc3 Nb4 16. Rac1 Nxc2 17. Rxc2 Qa5 18. Nd2 Qb4 19. Qe3 O-O 20. a3 Qb6 21. b4
Nd7 22. Qg3 Kh8 23. Nc4 Qd8 24. Ne4 f5 25. Ng5 Bxg5 26. Bxg5 Qe8 27. Nd6 Qh5
28. Rdc1 Nb6 29. Be7 Bd7 30. Bxf8 Rxf8 31. Nxb7 Nd5 32. Nc5 Bc8 33. Nd3 Bb7 34.
Nf4 Nxf4 35. Qxf4 g5 36. Qd4 f4 37. Rc7 Bxg2 38. Rc8 Bd5 39. Rxf8+ Kg7 40. Qa7+
Kg6 41. Rf6# 1-0

[Event "Elit(Skara-Sollentuna)"]
[Site "?"]
[Date "2006.??.??"]
[Round "9"]
[White "Couso, Luis"]
[Black "Friberg, Hans"]
[Result "1/2-1/2"]
[WhiteElo "2357"]
[BlackElo "2254"]
[PlyCount "34"]
[EventDate "2006.??.??"]

1. e4 e6 2. d4 d5 3. e5 c5 4. c3 Nc6 5. Be3 Nge7 6. Bd3 Nf5 7. Bxf5 exf5 8. Ne2
Be6 9. h4 Qb6 10. Qd2 Rc8 11. O-O c4 12. Na3 Bxa3 13. bxa3 Qd8 14. Bg5 Qa5 15.
Rab1 h6 16. Be3 Qd8 17. h5 Rc7 1/2-1/2

[Event "Elit(Skara-Sollentuna)"]
[Site "?"]
[Date "2006.??.??"]
[Round "9"]
[White "Andersson, Goran"]
[Black "Ong, Kezli"]
[Result "0-1"]
[WhiteElo "2236"]
[BlackElo "2366"]
[PlyCount "60"]
[EventDate "2006.??.??"]

1. Nf3 Nf6 2. c4 e6 3. Nc3 Bb4 4. Qc2 O-O 5. a3 Bxc3 6. Qxc3 b6 7. b4 Bb7 8.
Bb2 d6 9. e3 Nbd7 10. Be2 c5 11. O-O Qe7 12. d3 Rac8 13. b5 a5 14. Rae1 e5 15.
Nd2 Rfe8 16. Qc1 Qe6 17. e4 h6 18. f4 exf4 19. Rxf4 Ne5 20. Nf1 Nfd7 21. Ng3
Rc7 22. Nf5 Nf8 23. Bg4 Qg6 24. Re3 Ne6 25. Rg3 Nxf4 26. Qxf4 Nxd3 27. Rxd3
Rxe4 28. Qxd6 Qxd6 29. Rxd6 Rxg4 30. g3 Bc8 0-1

[Event "Elit(Limhamn-Sollentuna)"]
[Site "?"]
[Date "2006.??.??"]
[Round "10"]
[White "Agrest, Evgenij"]
[Black "Ahlander, Bjorn"]
[Result "0-1"]
[WhiteElo "2684"]
[BlackElo "2529"]
[PlyCount "100"]
[EventDate "2006.03.21"]

1. c4 e6 2. Nc3 d5 3. d4 Be7 4. cxd5 exd5 5. Bf4 Nf6 6. e3 O-O 7. Nf3 c6 8. Bd3
Nh5 9. Bg3 Be6 10. Qb3 Qc8 11. Qc2 g6 12. Bh4 Bxh4 13. Nxh4 c5 14. Nf3 c4 15.
Be2 Nc6 16. O-O Rb8 17. Rad1 b5 18. Ng5 Nf6 19. e4 Kg7 20. Qc1 h6 21. exd5 Nxd5
22. Nxe6+ Qxe6 23. Bf3 Nxc3 24. Qxc3 Qf6 25. Rfe1 Rfe8 26. Re3 Rbd8 27. Rde1
Rxe3 28. fxe3 Kg8 29. Qa3 Qd6 30. Qc3 Ne7 31. Qa5 a6 32. d5 Nf5 33. g3 Re8 34.
e4 Qe5 35. Kh1 Kg7 36. a4 Nd6 37. Qxa6 bxa4 38. Qb6 h5 39. Qb4 Re7 40. Qc3 Qxc3
41. bxc3 Kf6 42. e5+ Rxe5 43. Ra1 Re3 44. Kg2 Rxc3 45. Rxa4 Rc2+ 46. Kg1 c3 47.
Ra6 Ke5 48. Rc6 Nf5 49. Rc5 Kd4 50. Rc6 Ke3 0-1

[Event "Elit(Limhamn-Sollentuna)"]
[Site "?"]
[Date "2006.??.??"]
[Round "10"]
[White "Brynell, Stellan"]
[Black "Ivanov, Sergej"]
[Result "1/2-1/2"]
[WhiteElo "2628"]
[BlackElo "2630"]
[PlyCount "67"]
[EventDate "2006.03.21"]

1. d4 Nf6 2. c4 e6 3. Nf3 b6 4. g3 Ba6 5. b3 d5 6. Bg2 Bb4+ 7. Bd2 Bd6 8. cxd5
exd5 9. O-O O-O 10. Nc3 Re8 11. Rc1 Nbd7 12. Re1 c6 13. Rc2 Rc8 14. Bh3 Ne4 15.
Nxe4 dxe4 16. Nh4 g6 17. Ng2 f5 18. Qc1 c5 19. Bg5 Be7 20. Bxe7 Qxe7 21. Rd1
cxd4 22. Rxd4 Rxc2 23. Qxc2 Rc8 24. Qd2 Ne5 25. Nh4 Qc7 26. Bf1 Qc1 27. Rd8+
Kg7 28. Rd7+ Nxd7 29. Qxd7+ Kh6 30. Nxf5+ gxf5 31. Qe6+ Kg7 32. Qe7+ Kg6 33.
Qe6+ Kg7 34. Qe7+ 1/2-1/2

[Event "Elit(Limhamn-Sollentuna)"]
[Site "?"]
[Date "2006.??.??"]
[Round "10"]
[White "Popov, Valerij"]
[Black "Eriksson, Magnus"]
[Result "1-0"]
[WhiteElo "2633"]
[BlackElo "2431"]
[PlyCount "87"]
[EventDate "2006.03.21"]

1. d4 d5 2. c4 c6 3. Nf3 Nf6 4. Nc3 dxc4 5. a4 Bf5 6. e3 e6 7. Bxc4 Bb4 8. O-O
O-O 9. Nh4 Bg4 10. f3 Bh5 11. g4 Nd5 12. Ng2 Bg6 13. Qb3 Qb6 14. Ne2 c5 15. e4
Ne7 16. d5 exd5 17. exd5 Nd7 18. Bf4 Nf6 19. Kh1 Rad8 20. Rad1 Nc8 21. h4 h6
22. g5 Nh5 23. gxh6 Nxf4 24. hxg7 Kxg7 25. Nexf4 Rh8 26. Bd3 c4 27. Bxc4 Be7
28. Qxb6 Nxb6 29. Nxg6 fxg6 30. Rd4 Bf6 31. Rg4 Bxh4 32. Nxh4 Nxc4 33. Rxc4 g5
34. Rd1 Kf6 35. Kg2 gxh4 36. Kh3 Rh5 37. Rf4+ Ke5 38. Re4+ Kd6 39. Rd3 Rdh8 40.
Re6+ Kd7 41. Rg6 R8h7 42. Rb3 b6 43. a5 bxa5 44. Rb5 1-0

[Event "Elit(Limhamn-Sollentuna)"]
[Site "?"]
[Date "2006.??.??"]
[Round "10"]
[White "Jepson, Christian"]
[Black "Ernst, Thomas"]
[Result "0-1"]
[WhiteElo "2426"]
[BlackElo "2590"]
[PlyCount "128"]
[EventDate "2006.03.21"]

1. d4 Nf6 2. Nf3 g6 3. Nc3 d5 4. Bf4 Bg7 5. Nb5 Na6 6. e3 O-O 7. Be2 c5 8. O-O
Bd7 9. a4 cxd4 10. exd4 Nb4 11. c3 Nc6 12. b4 Rc8 13. Qb3 a6 14. Na3 Ne4 15.
Rac1 Bg4 16. Rfd1 e5 17. dxe5 Nxe5 18. Bxe5 Bxe5 19. Nb1 Qb6 20. Rf1 Rfd8 21.
h3 Ng3 22. Rfe1 Nxe2+ 23. Rxe2 Bxf3 24. Rxe5 Be4 25. Nd2 Qf6 26. Rxe4 dxe4 27.
Nxe4 Qe5 28. Re1 Kg7 29. Re3 Qd5 30. Qb2 b6 31. g3 h6 32. g4 Rc7 33. Kh2 Rcd7
34. Qe2 Qe5+ 35. Ng3 Qf6 36. Kg2 Rd2 37. Qf3 Qxf3+ 38. Kxf3 Ra2 39. b5 Rxa4 40.
bxa6 Rxa6 41. Ne2 Rd2 42. h4 Raa2 43. g5 hxg5 44. hxg5 Kf8 45. Re4 Rdb2 46. Re3
Ra5 47. Kg4 Ra7 48. f4 Re7 49. Kf3 Rxe3+ 50. Kxe3 Ke7 51. Nd4 Kd6 52. Ke4 Rb1
53. Nf3 Rc1 54. Ne5 Ke6 55. c4 Re1+ 56. Kd4 Re2 57. Ng4 Kf5 58. Nh6+ Kxf4 59.
Nxf7 Rd2+ 60. Kc3 Rd7 61. Nh8 Kxg5 62. Kb4 Rc7 63. Kb5 Kf6 64. Kxb6 Rxc4 0-1

[Event "Elit(Limhamn-Sollentuna)"]
[Site "?"]
[Date "2006.??.??"]
[Round "10"]
[White "Berg, Emanuel"]
[Black "Dragicevic, Drazen"]
[Result "1-0"]
[WhiteElo "2618"]
[BlackElo "2298"]
[PlyCount "89"]
[EventDate "2006.03.21"]

1. e4 c5 2. Nf3 Nc6 3. d4 cxd4 4. Nxd4 Nf6 5. Nc3 e5 6. Ndb5 d6 7. Bg5 a6 8.
Na3 b5 9. Bxf6 gxf6 10. Nd5 f5 11. g3 fxe4 12. Bg2 Be6 13. Bxe4 Bg7 14. Qh5 Rc8
15. c3 Ne7 16. Rd1 Rc5 17. Nb4 Qb6 18. Qg5 Kf8 19. Qe3 f5 20. Bg2 e4 21. Nac2
Kf7 22. Nd4 a5 23. Nxe6 Kxe6 24. Nd3 Rc6 25. Qg5 Ng6 26. Nf4+ Nxf4 27. Qxf4 h5
28. Bh3 Rc5 29. O-O Re5 30. Rd4 d5 31. Qg5 Qc7 32. f4 exf3 33. Rxf3 Qf7 34.
Rdf4 Bh6 35. Rxf5 Qa7+ 36. Kf1 Bxg5 37. Rf7+ Kd6 38. Rxa7 Rhe8 39. Rxa5 Re1+
40. Kg2 Be3 41. Ra6+ Ke5 42. Rff6 d4 43. Kf3 dxc3 44. bxc3 Kd5 45. Be6+ 1-0

[Event "Elit(Limhamn-Sollentuna)"]
[Site "?"]
[Date "2006.??.??"]
[Round "10"]
[White "Penalver, Osmani"]
[Black "Lindberg, Bo"]
[Result "0-1"]
[WhiteElo "2235"]
[BlackElo "2493"]
[PlyCount "182"]
[EventDate "2006.03.21"]

1. d4 f5 2. c4 Nf6 3. Nf3 g6 4. g3 Bg7 5. Bg2 O-O 6. O-O d6 7. Nc3 h6 8. d5 c5
9. Rb1 g5 10. h4 g4 11. Ne1 Nbd7 12. Nd3 Rb8 13. Nf4 Ne5 14. b3 a6 15. a4 Qe8
16. Ne6 Bxe6 17. dxe6 Qc8 18. Bd5 Nh5 19. Qc2 f4 20. Ne4 Qe8 21. Nxd6 exd6 22.
e7+ Rf7 23. Qf5 Nf6 24. Bxf7+ Qxf7 25. Bxf4 Nh5 26. Qxf7+ Kxf7 27. Rbd1 Kxe7
28. Be3 b5 29. axb5 axb5 30. cxb5 Rxb5 31. Rb1 Ke6 32. Kg2 Nf6 33. Rfc1 Nd5 34.
Bd2 Nc6 35. e4 Nde7 36. h5 Nd4 37. b4 Nf3 38. Bf4 cxb4 39. Rd1 Bd4 40. Rh1 Ng8
41. Rbc1 b3 42. Rc8 b2 43. Rxg8 b1=Q 44. Rxb1 Rxb1 45. Rxg4 Ne1+ 46. Kh3 Nd3
47. Rg6+ Bf6 48. Bxd6 Nxf2+ 49. Kg2 Nxe4 50. Bf4 Ng5 51. Kf2 Kf5 52. Rxh6 Nh3+
53. Ke2 Nxf4+ 54. gxf4 Rb4 55. Ke3 Re4+ 56. Kd3 Rxf4 57. Rh7 Rd4+ 58. Ke3 Rd6
59. Rf7 Kg4 60. Ke4 Bg5 61. Ke5 Ra6 62. Rf1 Ra5+ 63. Ke6 Kxh5 64. Rh1+ Kg4 65.
Rg1+ Kf4 66. Rf1+ Ke4 67. Re1+ Be3 68. Rd1 Re5+ 69. Kd6 Rh5 70. Kc6 Ra5 71. Re1
Ra6+ 72. Kb7 Re6 73. Rd1 Ke5 74. Kc7 Rh6 75. Re1 Kd4 76. Rd1+ Kc5 77. Kd7 Bd4
78. Ke7 Kd5 79. Kf7 Rf6+ 80. Ke7 Rg6 81. Rf1 Rh6 82. Kf7 Rh7+ 83. Kg6 Rg7+ 84.
Kh6 Rg2 85. Re1 Be5 86. Kh5 Ke6 87. Rf1 Bf6 88. Re1+ Kf7 89. Re4 Rg5+ 90. Kh6
Rf5 91. Rg4 Rf3 0-1

[Event "Elit(Limhamn-Sollentuna)"]
[Site "?"]
[Date "2006.??.??"]
[Round "10"]
[White "Carlsson, Pontus"]
[Black "Tadjerbashi, Amir"]
[Result "1-0"]
[WhiteElo "2586"]
[BlackElo "2234"]
[PlyCount "69"]
[EventDate "2006.03.21"]

1. e4 e5 2. Nf3 Nc6 3. Bb5 a6 4. Ba4 Nf6 5. O-O Be7 6. Re1 b5 7. Bb3 O-O 8. h3
Bb7 9. d3 d6 10. a3 Na5 11. Ba2 c5 12. Nc3 Nc6 13. Nd5 Nxd5 14. Bxd5 Qd7 15. c3
Nd8 16. Bxb7 Qxb7 17. Nh2 Qd7 18. a4 Rb8 19. axb5 axb5 20. Ng4 f5 21. Ne3 f4
22. Nd5 f3 23. gxf3 Bh4 24. Kg2 Ne6 25. f4 exf4 26. Qg4 Bd8 27. Ra6 Kh8 28. Kh1
Rb7 29. e5 Qf7 30. Rxd6 Nc7 31. Rd7 Qg8 32. e6 Nxd5 33. Rxb7 Re8 34. Qf5 Nf6
35. e7 1-0

[Event "Elit(Limhamn-Sollentuna)"]
[Site "?"]
[Date "2006.??.??"]
[Round "10"]
[White "Nylen, Anders"]
[Black "Eriksson, Jonas"]
[Result "1/2-1/2"]
[WhiteElo "2285"]
[BlackElo "2367"]
[PlyCount "93"]
[EventDate "2006.03.21"]

1. d4 d5 2. c4 c6 3. Nf3 Nf6 4. Nc3 a6 5. e3 b5 6. b3 Bg4 7. Be2 e6 8. O-O Nbd7
9. Qc2 Bf5 10. Bd3 Bxd3 11. Qxd3 b4 12. Ne2 Bd6 13. Bb2 Qb8 14. a3 a5 15. axb4
Bxb4 16. Ra2 Ne4 17. Rfa1 O-O 18. Ba3 Qb7 19. Ne1 Rfb8 20. Nc2 dxc4 21. bxc4 c5
22. f3 Nef6 23. Nc3 Rd8 24. Na4 Qc6 25. Qe2 Rab8 26. dxc5 Nxc5 27. Bxb4 axb4
28. Nd4 Qc8 29. Nxc5 Qxc5 30. Nb3 Qe5 31. Rc1 Ra8 32. Rxa8 Rxa8 33. e4 g5 34.
c5 Nd5 35. Qc4 Nf4 36. c6 Qb2 37. Rc2 Qb1+ 38. Nc1 Rc8 39. c7 Qa1 40. g3 b3 41.
Qxb3 Qd4+ 42. Kf1 Qd1+ 43. Kf2 Qd4+ 44. Qe3 Nh3+ 45. Ke2 Ng1+ 46. Kf2 Nh3+ 47.
Ke2 1/2-1/2

[Event "Elit(Eksjo-Kamraterna)"]
[Site "?"]
[Date "2006.??.??"]
[Round "10"]
[White "Svensson, Bengt"]
[Black "Gdanski, Jacek"]
[Result "1-0"]
[WhiteElo "2463"]
[BlackElo "2606"]
[PlyCount "79"]
[EventDate "2006.??.??"]

1. e4 e6 2. d4 d5 3. Nc3 Bb4 4. e5 Ne7 5. a3 Bxc3+ 6. bxc3 c5 7. Qg4 O-O 8. Bd3
Qa5 9. Bd2 Nbc6 10. Nf3 f5 11. exf6 Rxf6 12. Qh5 Nf5 13. g4 c4 14. gxf5 cxd3
15. Rg1 Bd7 16. Qg5 Rf7 17. f6 Qd8 18. Ne5 Nxe5 19. dxe5 dxc2 20. Be3 Qa5 21.
Bd4 Rc8 22. Qh6 g6 23. Qe3 Rc4 24. Kd2 Be8 25. h4 Rfc7 26. h5 Rxd4+ 27. Qxd4
Rc4 28. Qd3 Qc5 29. Rg2 Rf4 30. hxg6 Rxf2+ 31. Rxf2 Qxf2+ 32. Qe2 Qf4+ 33. Kxc2
Bxg6+ 34. Kb2 Qa4 35. Rc1 Qe8 36. Qe3 Qb5+ 37. Ka1 Qa5 38. Ka2 b5 39. Qc5 Qb6
40. Qc8+ 1-0

[Event "Elit(Eksjo-Kamraterna)"]
[Site "?"]
[Date "2006.??.??"]
[Round "10"]
[White "Vernersson, Per"]
[Black "Svenn, Gosta"]
[Result "1-0"]
[WhiteElo "2522"]
[BlackElo "2385"]
[PlyCount "127"]
[EventDate "2006.??.??"]

1. d4 d5 2. c4 e6 3. Nc3 Be7 4. Nf3 Nf6 5. Bf4 O-O 6. e3 b6 7. Bd3 Bb7 8. O-O
c5 9. Qe2 Nc6 10. dxc5 Bxc5 11. a3 h6 12. Rfd1 Bd6 13. cxd5 exd5 14. Bxd6 Qxd6
15. Rac1 Qe7 16. Nb5 Rfd8 17. Nbd4 Nxd4 18. Nxd4 Rac8 19. h3 Rxc1 20. Rxc1 Rc8
21. Rxc8+ Bxc8 22. Qc2 Bb7 23. b4 Qd7 24. Bf5 Qd8 25. Qa4 a6 26. Qc2 Ne4 27. a4
g6 28. Bxe4 dxe4 29. Kf1 Qd6 30. g3 Qd7 31. h4 Bd5 32. Kg2 Kh7 33. a5 bxa5 34.
bxa5 Bb7 35. Qc5 Bc8 36. Qe5 Bb7 37. h5 Bc8 38. hxg6+ fxg6 39. Kg1 Bb7 40. Qf6
Bc8 41. Qf4 Bb7 42. Qe5 Qf7 43. Qd6 Bc8 44. Kg2 Kg7 45. Kg1 Kh7 46. Qb6 Kg7 47.
Qc6 Bb7 48. Qc3 Kh7 49. Ne2 Qd7 50. Kg2 Qf7 51. Nd4 Qd7 52. Qc4 Bc8 53. Kg1 Kg7
54. Qc2 Bb7 55. Qb2 Kh7 56. Qb6 Bc8 57. Qf6 Qg4 58. Qf7+ Kh8 59. Qd5 Kg7 60.
Nc6 Qe6 61. Qd4+ Kh7 62. Ne5 Bb7 63. Nd7 h5 64. Nf8+ 1-0

[Event "Elit(Eksjo-Kamraterna)"]
[Site "?"]
[Date "2006.??.??"]
[Round "10"]
[White "Hamark, Jesper"]
[Black "Schussler, Harry"]
[Result "1/2-1/2"]
[WhiteElo "2304"]
[BlackElo "2459"]
[PlyCount "46"]
[EventDate "2006.??.??"]

1. d4 e6 2. Nf3 Nf6 3. c4 b6 4. Nc3 Bb7 5. Bg5 Be7 6. e3 h6 7. Bh4 Ne4 8. Bxe7
Qxe7 9. Nxe4 Bxe4 10. Nd2 Bb7 11. Be2 O-O 12. O-O d6 13. Bf3 Bxf3 14. Nxf3 Nd7
15. Qa4 Nf6 16. Rfd1 Rfc8 17. Qc6 Qd7 18. Qxd7 Nxd7 19. Rd3 Kf8 20. Kf1 Ke7 21.
Rad1 a5 22. b3 Rab8 23. Nd2 Rb7 1/2-1/2

[Event "Elit(Eksjo-Kamraterna)"]
[Site "?"]
[Date "2006.??.??"]
[Round "10"]
[White "Rothen, Hakan"]
[Black "Wengholm, Anders"]
[Result "1-0"]
[WhiteElo "2366"]
[BlackElo "2261"]
[PlyCount "87"]
[EventDate "2006.??.??"]

1. d4 c5 2. c3 Qa5 3. e4 cxd4 4. Nf3 d6 5. Bc4 Nc6 6. O-O dxc3 7. Nxc3 Nf6 8.
Qb3 e6 9. Bf4 a6 10. Rfe1 Ng4 11. Rad1 Qc5 12. h3 Na5 13. Bb5+ axb5 14. Qxb5+
Bd7 15. Qxc5 dxc5 16. hxg4 f6 17. e5 Be7 18. exf6 gxf6 19. g5 O-O-O 20. gxf6
Bxf6 21. Ne4 Be7 22. Bd6 Bc6 23. Bxe7 Rxd1 24. Rxd1 Bxe4 25. Bxc5 Rg8 26. Ne1
Bd5 27. b3 Nc6 28. f3 Kd7 29. Kf2 Ke8 30. Nd3 Kf7 31. Nf4 Ra8 32. Rd2 Ne7 33.
Bxe7 Kxe7 34. Nxd5+ exd5 35. Rxd5 Rxa2+ 36. Kg3 b6 37. b4 Ke6 38. Rb5 Ra6 39.
Rh5 Kd6 40. Rh6+ Kc7 41. Rxh7+ Kc6 42. Rh5 Ra2 43. b5+ Kd6 44. f4 1-0

[Event "Elit(Eksjo-Kamraterna)"]
[Site "?"]
[Date "2006.??.??"]
[Round "10"]
[White "Haggstrom, Olle"]
[Black "Miskulin, Dennis"]
[Result "1/2-1/2"]
[WhiteElo "2263"]
[BlackElo "2299"]
[PlyCount "106"]
[EventDate "2006.??.??"]

1. d4 Nf6 2. c4 g6 3. f3 Bg7 4. e4 d6 5. Be3 O-O 6. Nc3 c5 7. Nge2 Nc6 8. d5
Ne5 9. Ng3 e6 10. Be2 exd5 11. cxd5 a6 12. O-O Re8 13. a4 Rb8 14. h3 Ned7 15.
Qd2 Qc7 16. Rac1 Nf8 17. f4 N8d7 18. Bf3 Qa5 19. Nh1 b5 20. axb5 axb5 21. Ra1
Qc7 22. Nf2 b4 23. Ne2 Bb7 24. g4 Nb6 25. Rac1 Qe7 26. Qc2 Nfxd5 27. Bd2 Nf6
28. Ng3 Ba6 29. Rfe1 Nc4 30. Ra1 Bb5 31. Bc1 Nd7 32. Ra7 Ra8 33. Rxa8 Rxa8 34.
e5 Rb8 35. Be2 d5 36. Rd1 Ndb6 37. g5 Bd7 38. Ng4 Bxg4 39. hxg4 h6 40. gxh6
Bxh6 41. Kg2 Bg7 42. Bf3 Rd8 43. Re1 d4 44. Ne4 d3 45. Qf2 b3 46. Rd1 Na4 47.
g5 d2 48. Bxd2 Naxb2 49. Rh1 Nxd2 50. Nf6+ Kf8 51. Nh7+ Kg8 52. Nf6+ Kf8 53.
Nh7+ Kg8 1/2-1/2

[Event "Elit(Eksjo-Kamraterna)"]
[Site "?"]
[Date "2006.??.??"]
[Round "10"]
[White "Thornert, Hakan"]
[Black "Borvander, Tom"]
[Result "1/2-1/2"]
[WhiteElo "2277"]
[BlackElo "2238"]
[PlyCount "103"]
[EventDate "2006.??.??"]

1. e4 e5 2. f4 exf4 3. Nf3 g5 4. h4 g4 5. Ne5 d6 6. Nxg4 Nf6 7. Nxf6+ Qxf6 8.
Nc3 c6 9. Qf3 Rg8 10. Qf2 Bh6 11. d4 Bg4 12. Be2 Nd7 13. Bf3 O-O-O 14. Bd2 Nb6
15. O-O-O Kb8 16. Ne2 Nc4 17. Kb1 Ne3 18. Rdg1 Nc4 19. Bc1 d5 20. Bxg4 Rxg4 21.
e5 Qe7 22. Nxf4 Bxf4 23. Bxf4 Rdg8 24. Rh3 Ka8 25. Bc1 Re4 26. b3 Nb6 27. Bg5
Qf8 28. Rf3 Qb4 29. c3 Qb5 30. Re3 Rc8 31. Rge1 c5 32. dxc5 Rxc5 33. Be7 Rxe3
34. Rxe3 Rc8 35. Ka1 d4 36. Re1 dxc3 37. Ba3 Qd7 38. Qc2 h5 39. Rd1 Qe6 40. Qe4
f6 41. Rd6 Qxe5 42. Qxe5 fxe5 43. Kb1 Rc6 44. Rd8+ Nc8 45. Kc2 b6 46. Bb4 Kb7
47. Rd3 a5 48. Bxc3 Nd6 49. Kb2 Nf5 50. Bxe5 Re6 51. Bf4 Nxh4 52. g3 1/2-1/2

[Event "Elit(Eksjo-Kamraterna)"]
[Site "?"]
[Date "2006.??.??"]
[Round "10"]
[White "Martensson, Ulf"]
[Black "Krantz, Christopher"]
[Result "0-1"]
[WhiteElo "2189"]
[BlackElo "2196"]
[PlyCount "120"]
[EventDate "2006.??.??"]

1. d4 e6 2. Nf3 Nf6 3. Nbd2 d5 4. e3 Bd6 5. Bd3 Nbd7 6. e4 dxe4 7. Nxe4 Nxe4 8.
Bxe4 Nf6 9. Bd3 b6 10. Bg5 Bb7 11. c3 h6 12. Qa4+ c6 13. Bxf6 Qxf6 14. Ba6 Qe7
15. Bxb7 Qxb7 16. O-O O-O 17. Rfe1 c5 18. dxc5 Bxc5 19. Rad1 Rfd8 20. Rxd8+
Rxd8 21. Rd1 Rxd1+ 22. Qxd1 Qe4 23. a4 a5 24. b3 g5 25. h3 Kg7 26. Ne1 Be7 27.
Qd4+ Qxd4 28. cxd4 Kf6 29. f3 e5 30. dxe5+ Kxe5 31. Nc2 Bc5+ 32. Kf1 Kf4 33.
Ke2 Kg3 34. Kf1 h5 35. Ne1 f6 36. Nc2 g4 37. fxg4 hxg4 38. hxg4 Kxg4 39. Ne1
Kf4 40. Ke2 Ke4 41. Nd3 Kd4 42. Kd2 Bb4+ 43. Kc2 Ke3 44. g3 f5 45. Nf4 Kf3 46.
Nh5 Kg4 47. Ng7 Bf8 48. Ne6 Bd6 49. Kd3 Bxg3 50. Nd4 Bf2 51. Nc2 Bc5 52. Ke2
Kf4 53. Ne1 Ke4 54. Nc2 f4 55. Ne1 Be3 56. Nf3 Bc1 57. Ne1 Kd4 58. Kd1 Bb2 59.
Kc2 Ba3 60. Nd3 f3 0-1

[Event "Elit(Eksjo-Kamraterna)"]
[Site "?"]
[Date "2006.??.??"]
[Round "10"]
[White "Gustafsson, Fredrik"]
[Black "Andersson, Michael"]
[Result "0-1"]
[WhiteElo "2209"]
[BlackElo "2211"]
[PlyCount "62"]
[EventDate "2006.??.??"]

1. e4 c6 2. d3 d5 3. Nd2 g6 4. g3 Bg7 5. Bg2 e5 6. Ngf3 Ne7 7. O-O O-O 8. Re1
Re8 9. exd5 Nxd5 10. Nc4 Qc7 11. d4 e4 12. Ng5 b5 13. Ne3 f5 14. c4 bxc4 15.
Qc2 Ba6 16. Nxc4 Nd7 17. Be3 h6 18. Nh3 g5 19. Rad1 Rab8 20. Bc1 Nb4 21. Qc3
Nd3 22. Rxd3 exd3 23. Rxe8+ Rxe8 24. Ne3 Nf6 25. Nxf5 Ne4 26. Qb3+ Kh8 27. Be3
Qd7 28. Nxg7 Kxg7 29. f3 Nxg3 30. hxg3 Rxe3 31. Nf2 Qxd4 0-1

[Event "Elit(Lulea-Wasa)"]
[Site "?"]
[Date "2006.??.??"]
[Round "10"]
[White "Wedberg, Tom"]
[Black "Astrom, Robert"]
[Result "1-0"]
[WhiteElo "2553"]
[BlackElo "2497"]
[PlyCount "65"]
[EventDate "2006.??.??"]

1. e4 c5 2. Nf3 d6 3. d4 cxd4 4. Nxd4 Nf6 5. Nc3 a6 6. Be3 e6 7. g4 e5 8. Nf5
g6 9. g5 gxf5 10. exf5 d5 11. Qf3 d4 12. O-O-O Nbd7 13. Bd2 Bd6 14. gxf6 dxc3
15. Bxc3 Qxf6 16. Rg1 Rb8 17. Qd5 Be7 18. Re1 Qd6 19. Qe4 b5 20. f4 Bb7 21. Qe2
Rc8 22. fxe5 Qh6+ 23. Kb1 Rxc3 24. bxc3 Qc6 25. Rg3 Nc5 26. Bg2 Qb6 27. e6 fxe6
28. fxe6 Rf8 29. Rd1 Nxe6 30. Bxb7 Rf5 31. Bc8 Nf4 32. Qe4 Rf7 33. Rg8+ 1-0

[Event "Elit(Lulea-Wasa)"]
[Site "?"]
[Date "2006.??.??"]
[Round "10"]
[White "Kauppila, Osmo"]
[Black "Lyrberg, Patrik"]
[Result "1/2-1/2"]
[WhiteElo "2331"]
[BlackElo "2558"]
[PlyCount "56"]
[EventDate "2006.??.??"]

1. e4 e6 2. d4 d5 3. Nd2 dxe4 4. Nxe4 Nd7 5. Bd3 Ngf6 6. Qe2 Nxe4 7. Bxe4 a6 8.
Nf3 c5 9. O-O Be7 10. Rd1 cxd4 11. Rxd4 Bf6 12. Rd1 Qc7 13. g3 O-O 14. Bf4 e5
15. Be3 Be7 16. Bg5 Bxg5 17. Nxg5 h6 18. Nf3 Re8 19. Nh4 Nf6 20. Bf5 e4 21. c3
Qe5 22. Bxc8 Raxc8 23. Ng2 h5 24. Rd4 Qe6 25. Nf4 Qf5 26. Ng2 g5 27. Ne3 Qe6
28. a3 Rcd8 1/2-1/2

[Event "Elit(Lulea-Wasa)"]
[Site "?"]
[Date "2006.??.??"]
[Round "10"]
[White "von Bahr, Oskar"]
[Black "Larsson, Anders"]
[Result "1-0"]
[WhiteElo "2366"]
[BlackElo "2394"]
[PlyCount "69"]
[EventDate "2006.??.??"]

1. e4 e6 2. d4 d5 3. Nc3 Bb4 4. e5 b6 5. a3 Bf8 6. Bb5+ c6 7. Ba4 a5 8. Nf3 Ba6
9. Ne2 Bb5 10. Bb3 Bc4 11. Bxc4 dxc4 12. Nc3 Ne7 13. Bg5 Qc8 14. Qe2 b5 15. Ne4
Nd5 16. O-O h6 17. Bh4 Nd7 18. Rad1 Qc7 19. Ne1 c5 20. c3 cxd4 21. cxd4 g5 22.
Bg3 a4 23. f4 gxf4 24. Bxf4 O-O-O 25. Bg3 N7b6 26. Nc2 Rg8 27. Qh5 Rg7 28. Rf3
Rd7 29. Rdf1 Qd8 30. Bh4 Qe8 31. Be1 Rg6 32. Qxg6 fxg6 33. Rxf8 Qxf8 34. Rxf8+
Kb7 35. Nc5+ 1-0

[Event "Elit(Lulea-Wasa)"]
[Site "?"]
[Date "2006.??.??"]
[Round "10"]
[White "Setterqvist, Kurt"]
[Black "Astrom, Goran"]
[Result "1-0"]
[WhiteElo "2338"]
[BlackElo "2346"]
[PlyCount "117"]
[EventDate "2006.??.??"]

1. c4 Nf6 2. g3 e5 3. Bg2 d5 4. cxd5 Nxd5 5. Nf3 Nc6 6. O-O Be7 7. d4 exd4 8.
Nxd4 Nxd4 9. Qxd4 Nb4 10. Qxd8+ Bxd8 11. Nc3 O-O 12. Bf4 Re8 13. Rfd1 c6 14. a3
Na6 15. b4 g5 16. Be3 Nc7 17. Ne4 Ne6 18. Nd6 Re7 19. Bh3 Bc7 20. Nxc8 Rxc8 21.
Bxg5 Ree8 22. Bf6 Bd8 23. Bxd8 Rcxd8 24. Bxe6 fxe6 25. f4 Kf7 26. Kf2 e5 27.
Kf3 Ke6 28. e4 exf4 29. gxf4 a5 30. Ke3 axb4 31. Rxd8 Rxd8 32. axb4 Rg8 33. Ra7
Rg2 34. Rxb7 Rxh2 35. Rb6 Kd7 36. Rb7+ Ke6 37. b5 cxb5 38. Rxb5 Rh1 39. Rb6+
Kf7 40. e5 h5 41. Ke4 h4 42. Kf5 h3 43. Rf6+ Kg7 44. Rg6+ Kf8 45. e6 h2 46. Rh6
Ke7 47. Rh3 Re1 48. Rxh2 Rxe6 49. Rh7+ Kd6 50. Ra7 Re8 51. Kf6 Rf8+ 52. Rf7 Rg8
53. f5 Rg1 54. Re7 Rf1 55. Re2 Kd7 56. Kg6 Rg1+ 57. Kf7 Rf1 58. f6 Rf3 59. Kg7
1-0

[Event "Elit(Lulea-Wasa)"]
[Site "?"]
[Date "2006.??.??"]
[Round "10"]
[White "Hellborg, Teodor"]
[Black "Engstrom, Kaj"]
[Result "1-0"]
[WhiteElo "2389"]
[BlackElo "2206"]
[PlyCount "61"]
[EventDate "2006.??.??"]

1. d4 d5 2. c4 e6 3. Nc3 c6 4. e4 dxe4 5. Nxe4 Bb4+ 6. Bd2 Bxd2+ 7. Qxd2 Nf6 8.
Nxf6+ Qxf6 9. Nf3 Nd7 10. O-O-O O-O 11. Qe3 c5 12. dxc5 Qe7 13. c6 bxc6 14. Bd3
Nc5 15. Bc2 a5 16. Rd4 Re8 17. Ne5 f5 18. Rhd1 Ra6 19. Rd6 Nb7 20. Rd7 Bxd7 21.
Rxd7 Qf8 22. Rxb7 Re7 23. Rxe7 Qxe7 24. c5 h6 25. g3 a4 26. Nc4 Ra7 27. Qe5 Rd7
28. Nd6 a3 29. b4 Rd8 30. Bb3 Kh8 31. Qxe6 1-0